The noble scholar, jurist, historian


 His Excellency Dr. Abdul Wahhab bin Ibrahim Abu Sulaiman, may Allah have mercy on him.


 He was born in Umm Al-Qura in the year 1356 AH.

مشيخة الصيداوي / (Record no. 1008)

MARC details
000 -LEADER
fixed length control field 01805cam a22003371i 4500
003 - CONTROL NUMBER IDENTIFIER
control field SA-RiAUC
005 - DATE AND TIME OF LATEST TRANSACTION
control field 20241008081138.0
008 - FIXED-LENGTH DATA ELEMENTS--GENERAL INFORMATION
fixed length control field 241007s2009 le a g b 000r0 ara c
040 ## - CATALOGING SOURCE
Original cataloging agency SA-RiIMS
Language of cataloging ara
Transcribing agency SA-RiAUC
Description conventions rda
050 #4 - LIBRARY OF CONGRESS CALL NUMBER
Item number .S29 2009
082 04 - DEWEY DECIMAL CLASSIFICATION NUMBER
Classification number 234.65
090 ## - LOCALLY ASSIGNED LC-TYPE CALL NUMBER (OCLC); LOCAL CALL NUMBER (RLIN)
Classification number (OCLC) (R) ; Classification number, CALL (RLIN) (NR) 234.65
Local cutter number (OCLC) ; Book number/undivided call number, CALL (RLIN) ص ي د
100 1# - MAIN ENTRY--PERSONAL NAME
Personal name الصيداوي، عبد الرحمن بن إبراهيم،
Dates associated with a name توفي بعد 974 هجري
Relator term مؤلف.
245 10 - TITLE STATEMENT
Title مشيخة الصيداوي /
Statement of responsibility, etc. زين الدين أبي اللطف عبد الرحمن بن إبراهيم الشافعي ؛ تخريج جمال الدين يوسف إبراهيم بن أحمد الصالحي ؛ تحقيق يوسف المرعشلي.
250 ## - EDITION STATEMENT
Edition statement الطبعة الأولى.
264 #1 - PRODUCTION, PUBLICATION, DISTRIBUTION, MANUFACTURE, AND COPYRIGHT NOTICE
Place of production, publication, distribution, manufacture بيروت :
Name of producer, publisher, distributor, manufacturer شركة دار البشائر الإسلامية للطباعة والنشر والتوزيع،
Date of production, publication, distribution, manufacture, or copyright notice 2009
300 ## - PHYSICAL DESCRIPTION
Extent 848 صفحة :
Other physical details إيضاحيات ؛
Dimensions 24 سم.
336 ## - CONTENT TYPE
Content type term نص
Content type code txt
Source rdacontent
Materials specified كتاب
337 ## - MEDIA TYPE
Media type term بدون وسيط
Media type code n
Source rdamedia
338 ## - CARRIER TYPE
Carrier type term مجلد
Carrier type code nc
Source rdacarrier
490 1# - SERIES STATEMENT
Series statement الأثبات والمشيخات والإجازات والمسلسلات ؛
Volume/sequential designation 10
500 ## - GENERAL NOTE
General note يشتمل علي كشافات.
504 ## - BIBLIOGRAPHY, ETC. NOTE
Bibliography, etc. note ببليوجرافية : صفحة 837-846.
650 #7 - SUBJECT ADDED ENTRY--TOPICAL TERM
Topical term or geographic name entry element الحديث
General subdivision إسناد
Source of heading or term aucsh
650 #7 - SUBJECT ADDED ENTRY--TOPICAL TERM
Topical term or geographic name entry element الحديث
General subdivision رواية
Source of heading or term aucsh
700 1# - ADDED ENTRY--PERSONAL NAME
Personal name ابن الجاموس، يوسف إبراهيم بن أحمد الصالحي،
Dates associated with a name توفي بعد 1012 هجري
Relator term مخرج أحاديث.
700 1# - ADDED ENTRY--PERSONAL NAME
Personal name المرعشلي، يوسف عبد الرحمن،
Dates associated with a name 1952-
Relator term محقق.
830 #2 - SERIES ADDED ENTRY--UNIFORM TITLE
Uniform title الأثبات والمشيخات والإجازات والمسلسلات (دار البشائر الإسلامية)
Volume/sequential designation 10
942 ## - ADDED ENTRY ELEMENTS (KOHA)
Source of classification or shelving scheme Dewey Decimal Classification
Koha item type Books
Suppress in OPAC No
949 ## - LOCAL PROCESSING INFORMATION (OCLC)
a SA-JeALM
d 241007
u mohamedma123
n 1
Holdings
Withdrawn status Lost status Source of classification or shelving scheme Damaged status Not for loan Home library Current library Date acquired Total checkouts Full call number Barcode Date last seen Price effective from Koha item type
    Dewey Decimal Classification     DR AbdElwahab Library DR AbdElwahab Library 10/08/2024   234.65 ص ي د 000001447 10/08/2024 10/08/2024 Books